00357 a2200133 4500003000400000005001700004008004100021020001800062040000900080082001800089245005200107260005000159300001400209OSt20221006150810.0221006b ||||| |||| 00| 0 eng d a9781845690175 coclc a664.53bPET/H aHandbook of herbs and spices VOL 3 /cK V Peter aEngland:bWoodhead publishing limited,c2006. a537 pages